| 000 | 00990nam a22002417a 4500 | ||
|---|---|---|---|
| 003 | EG-ScBUE | ||
| 005 | 20211202093531.0 | ||
| 008 | 110727s1967 ua f 000 0p ara d | ||
| 040 |
_aEG-ScBUE _bara _erda _cEG-ScBUE _dEG-ScBUE |
||
| 082 | 0 | 4 |
_a892.716 _bإ س م _222 |
| 100 | 1 |
_915332 _aإسماعيل، عز الدين، _d1929-2007، _eمؤلف. |
|
| 245 | 1 | 2 |
_aالشعر العربي المعاصر : _bقضاياه وظواهره الفنية والمعنوية / _cتأليف الدكتور عز الدين إسماعيل. |
| 264 | 1 |
_aالقاهرة : _bدار الكتاب العربي للطباعة والنشر، _c1967. |
|
| 300 |
_a415 صفحة ؛ _c24 سم |
||
| 336 |
_2rdacontent _aنص _btxt |
||
| 337 |
_2rdamedia _aبدون وسيط _bn |
||
| 338 |
_2rdacarrier _aمجلد _bnc |
||
| 650 | 7 |
_914745 _aالشعر العربي _xتاريخ _yالعصر الحديث. _2BUEsh |
|
| 651 | _2BUEsh | ||
| 653 |
_cJuly2011 _bARALIT |
||
| 655 |
_vReading book _934232 |
||
| 942 |
_2ddc _cBB |
||
| 999 |
_c15743 _d15743 |
||